| 000 | 00404nam a2200157Ia 4500 | ||
|---|---|---|---|
| 008 | 220805s9999 xx 000 0 und d | ||
| 020 | _a1 920744 34 7 | ||
| 041 | _aeng | ||
| 082 | _a721.832 | ||
| 100 |
_aEd.Hasanovic, Aisha _987657 |
||
| 260 |
_aAustrallia _bThe Images Publishing Group _c2006 |
||
| 245 | _aUpstairs Downstairs | ||
| 250 | _a1 | ||
| 300 | _a224 | ||
| 650 |
_aArchitecture stairs _987658 |
||
| 999 |
_c48238 _d48238 |
||